Dave ramsey Quiz Stats

 Plays Quiz not verified by Sporcle

Score 0/5 Timer 10:00
0 Plays Today
Hint Answer % Correct
A single stock is the best place to keep your emergency fund.true
87.5%
diversification lowers your risk with investingtrue
87.5%
A savings account with a certificate is a ? c.d.
75%
What is the KISS rule of investing ?keep it simple stupid
75%
saving is about contentment andemotion
66.7%

You're not logged in!

Compare scores with friends on all Sporcle quizzes.
OR
Log In

Sporcle TV

Today on Sporcle TV


Watch our educational content, quiz creation guides, and fun videos on Sporcle TV.

Show Comments

Extras

Created Aug 27, 2015ReportNominate
Tags:dave

Top Quizzes Today


Score Distribution

Your Account Isn't Verified!

In order to create a playlist on Sporcle, you need to verify the email address you used during registration. Go to your Sporcle Settings to finish the process.

Report this User

Report this user for behavior that violates our Community Guidelines.

Details: